Statistics for Countries Whose Capitals Start With Letter C

Click here to take the quiz!

General Stats

  • This quiz has been taken 232 times
  • The average score is 6 of 7

Answer Stats

CapitalCountry% Correct
CanberraAustralia
97%
CaracasVenezuela
96%
CopenhagenDenmark
92%
CairoEgypt
87%
ChisinauMoldova
86%
CastriesSt. Lucia
84%
ConacryGuinea
67%

Score Distribution

Percentile by Number Answered

Percent of People with Each Score

Your Score History

You have not taken this quiz